[Event "2000 World Chess Champion"]

[Site "New Delhi, Tehr"]

[Date "2000.12.10"]

[Round "34"]

[White "Maric, Alisa (IM)"]

[Black "Qin, Kanying"]

[Result "1/2-1/2"]

[WhiteElo "2443"]

[WhiteCountry "YUG"]

[BlackElo "2501"]

[BlackCountry "CHN"]

[Remark "6891"]

[PresId "0002050202"]



1. Nf3 c5 2. c4 Nc6 3. Nc3 e5 4. g3 g6 5. Bg2 Bg7 6. O-O Nge7 7. Ne1

d6 8. Nc2 O-O 9. d3 Be6 10. Ne3 Qd7 11. Ned5 Bh3 12. Bxh3 Qxh3 13. Ne4

Nxd5 14. cxd5 Ne7 15. Qb3 b6 16. a4 h5 17. f3 Qd7 18. Nc3 Rab8 19. Qc4

Kh7 20. Rb1 f5 21. Bg5 Ng8 22. b4 Rbc8 23. Rbc1 Bh6 24. Bxh6 Nxh6 25.

Qb5 Qf7 26. Qa6 Rcd8 27. bxc5 bxc5 28. Rb1 Rd7 29. Rb2 f4 30. Rfb1 Nf5

31. Rb7 Rfd8 32. Ne4 Kh6 33. Qxa7 Ne3 34. Nxd6 Qe7 35. R1b6 e4 36.

Nxe4 Qe5 37. gxf4 Qa1+ 38. Kf2 Nd1+ 39. Kg3 Ne3 40. Kf2 Nd1+ 41. Kg3

Ne3 42. Rxg6+ Kxg6 43. Qb6+ Rd6 44. Qb1 Nf5+ 45. Kh3 Qxb1 46. Rxb1

Rxd5 47. Rb6+ Kg7 48. Ng5 R5d6 49. Rb7+ R8d7 50. Rb8 Ra6 51. Rc8 Nd4

52. e3 Nxf3 53. Nxf3 Rxd3 54. Kh4 Rxe3 55. Ne5 Rxa4 56. Kg5 Re2 57.

Rc7+ Kf8 58. Nd7+ Ke7 59. Nb8+ Kd8 60. Rxc5 Rg2+ 61. Kf5 Rf2 62. Nc6+

Kc7 63. Ne5+ Kb6 64. Nd7+ Kb7 65. Ke6 Rfxf4 66. Rxh5 Rae4+ 67. Ne5 Rh4

68. Rg5 Rxh2 69. Rg7+ Kb6 70. Kd5 Rxe5+ 1/2-1/2

[Event "2000 World Chess Champion"]

[Site "New Delhi, Tehr"]

[Date "2000.12.11"]

[Round "36"]

[White "Anand, Viswanathan"]

[Black "Khalifman, Alexander"]

[Result "1/2-1/2"]

[WhiteElo "2762"]

[WhiteCountry "IND"]

[BlackElo "2667"]

[BlackCountry "RUS"]

[Remark "6897"]

[PresId "0001050401"]



1. e4 e5 2. Nf3 Nc6 3. Bb5 a6 4. Ba4 Nf6 5. O-O Be7 6. Re1 b5 7. Bb3

O-O 8. h3 Bb7 9. d3 Re8 10. Nbd2 h6 11. a3 Bc5 12. c3 Bb6 13. Nf1 d5

14. exd5 Nxd5 15. d4 e4 16. N3h2 Na5 17. Bc2 f5 18. Ng3 Rf8 19. Qh5

Qe8 20. Qxe8 Raxe8 21. Nhf1 Nc4 22. Nd2 Nxd2 23. Bxd2 c5 24. dxc5 Bxc5

25. Bb3 Kh7 26. Bxd5 Bxd5 27. Be3 Be7 28. Bd4 Bb3 29. Nf1 Bg5 30. g3

Rd8 31. Re2 Bc4 32. Ree1 Bb3 33. Re2 Bf6 34. Rd2 Bg5 35. Be3 a5 36. h4

Bxe3 37. fxe3 a4 38. Kf2 g5 39. Rc1 Rxd2+ 40. Nxd2 Bc4 41. Nxc4 bxc4

42. Rd1 Rb8 43. Rd2 Kg6 44. hxg5 hxg5 45. g4 f4 46. Rd6+ Kg7 47. Rd4

Rxb2+ 48. Ke1 Rb1+ 49. Kf2 Rb2+ 50. Ke1 Rb3 51. exf4 Rxa3 52. Kd2 e3+

53. Kxe3 Rxc3+ 54. Ke4 gxf4 55. Kxf4 Rc1 56. Ke3 a3 57. Rd7+ Kf6 58.

Ra7 Rg1 59. Kd4 Rxg4+ 60. Kc3 Ke5 61. Ra5+ Kd6 62. Kb4 Rh4 63. Rxa3

Kd5 64. Ra8 1/2-1/2